LDR 01104naa#a2200229#i#450# 001 RU\\bibl\120468 005 20260502135851.6 011 ## _a2782-5957 100 ## _a20260430b2026####ek#y0rusy0150####ca 102 ## _aRU 200 1# _aПОВЫШЕНИЕ ДОЛГОВЕЧНОСТИ ДЕТАЛЕЙ ПУТЕВЫХ МАШИН ЭЛЕКТРОХИМИЧЕСКИМИ СПЛАВАМИ _eЖурнальная статья 210 1# _aБрянск _cБрянский государственный технический университет _d2026 215 ## _a6 с. 608 ## _aЖурнальная статья _2local 675 ## _aПромышленная электрохимия. Гальванотехника. 621.357 _z 686 ## _aЖелезнодорожный транспорт. 392 _2bbk 700 #1 _aКисель _gЮрий Евгеньевич 700 #1 _aЗятиков _gАлексей Сергеевич 700 #1 _aСимохин _gСергей Петрович 700 #1 _aКисель _gПетр Евгеньевич 700 #1 _aНикитин _gАнтон Михайлович 856 4# _anaukaru.ru _u